|
|
|
|
| LEADER |
01605nam a2200373 a 4500 |
| 001 |
16174871 |
| 003 |
BD-DhAAL |
| 008 |
100830s2010 enka b 001 0 eng d |
| 999 |
|
|
|c 9400
|d 9400
|
| 010 |
|
|
|a 2010398407
|
| 015 |
|
|
|a GBA997730
|2 bnb
|
| 016 |
7 |
|
|a 015386290
|2 Uk
|
| 020 |
|
|
|a 9781905711604 (hbk.)
|
| 020 |
|
|
|a 1905711603 (hbk.)
|
| 040 |
|
|
|a UKM
|c UKM
|d BTCTA
|d BWK
|d CDX
|d YDXCP
|d DLC
|d DB-DhAAL
|
| 082 |
0 |
4 |
|a 759.9492
|2 22
|
| 100 |
1 |
|
|a Gogh, Vincent van,
|d 1853-1890.
|9 32546
|
| 245 |
1 |
4 |
|a The real Van Gogh :
|b the artist and his letters /
|c [exhibition curators, Ann Dumas, with Leo Jansen, Hans Luijten and Nienke Bakker].
|
| 260 |
|
|
|a London :
|b Royal Academy of Arts,
|c 2010.
|
| 300 |
|
|
|a 301 p. :
|b chiefly col. ill. ;
|c 29 cm.
|
| 500 |
|
|
|a Published to accompany the exhibition held at the Royal Academy of Arts, London, 23 Jan.-18 Apr. 2010.
|
| 504 |
|
|
|a Includes bibliographical references (p. 294-296) and index.
|
| 526 |
|
|
|a ARC
|
| 541 |
1 |
|
|e 00020855
|
| 600 |
1 |
0 |
|a Gogh, Vincent van,
|d 1853-1890
|v Correspondence
|v Exhibitions.
|9 32547
|
| 600 |
1 |
0 |
|a Gogh, Vincent van,
|d 1853-1890
|v Exhibitions.
|9 32548
|
| 700 |
1 |
|
|a Dumas, Ann.
|9 32549
|
| 700 |
1 |
|
|a Bakker, Nienke.
|9 32550
|
| 700 |
1 |
|
|a Jansen, Leo,
|d 1960-
|9 32551
|
| 700 |
1 |
|
|a Luijten, Hans.
|9 32552
|
| 710 |
2 |
|
|a Royal Academy of Arts (Great Britain)
|9 32553
|
| 852 |
4 |
|
|a Ayesha Abed Library
|j General Shelf.
|
| 942 |
|
|
|2 ddc
|c BK
|
| 952 |
|
|
|0 0
|1 0
|2 ddc
|4 0
|6 759_949200000000000_GOG_2010
|7 0
|9 11817
|a BRACUL
|b BRACUL
|c GEN
|d 2010-09-15
|e TRIM EDUCATION
|g 7995.00
|l 15
|m 132
|o 759.9492 GOG
|p 3010020855
|r 2025-05-25
|s 2024-11-06
|t 1
|w 2010-09-15
|y BK
|